| 000 | 00432cam a2200181ua 4500 | ||
|---|---|---|---|
| 020 | _c90.00 | ||
| 041 |
_aeng _h |
||
| 082 |
_a005.133 _bKOC/PR |
||
| 100 | _aKochan, Stephen G . | ||
| 245 |
_aProgramming in C / _cStephen G Kochan. _hTextual Documents |
||
| 250 |
_a1 / _b. |
||
| 260 |
_aDelhi : _bC B S publishers , _c1987. |
||
| 300 | _a445 ; . | ||
| 365 | _a90.00 | ||
| 504 | _a | ||
| 942 | _cBK | ||
| 999 |
_c2325 _d2325 |
||